00629nam a22002057a 4500003000500000005001700005008004100022010001000063011001000073035001000083040000900093082001600102110004500118245006600163260007200229300001100301490003200312650004700344830003200391CHAP20220817042451.0971013s1984 r 00010 d a45590 a46562 a50703 cCHAP a378.72bU52 aUACH. Departamento de Sociología Rural aPrograma y actividades de la maestría en sociología rural a(Chapingo, Méx.) :bDepartamento de Sociología Rural,c(1984)?) a147 p. aMateriales de docenciav; 114aSociología ruralxEstudio y enseñanza.0 aMateriales de docenciav; 1